000 00445nam a2200181Ia 4500
008 230524s9999 xx 000 0 und d
020 _a8170083656
082 _a510
_bBAL
100 _aN.P Bali
245 2 _aA Text Book of Engineering Mathematics
250 _a6TH
260 _aNEW DELHI
_bLaxmi
_c2004
300 _aVII;1425
500 _aQuantity Number: 5
650 _aMathematics
700 _a N.Ch. Narayana Iyengar
942 _cBK
999 _c1365
_d1365